000 03843nam a2200337 a 4500
001 53683
003 AR-BaAGN
005 20240306112541.0
007 ta
008 s ag |||||r|||| ||| ||spa d
020 _a978-987-719-117-2
040 _aAR-BaAGN
_bspa
_eaacr
100 1 _aSiskind, Mariano,
_d1972-
_97320
240 1 0 _aCosmopolitan desires : global modernity and world literature in Latin America.
_lEspañol
245 1 0 _aDeseos cosmopolitas :
_bmodernidad global y literatura mundial en América Latina /
_cMariano Siskind ; [traducción de Lilia Mosconi].
260 _aBuenos Aires :
_bFondo de Cultura Económica,
_c2016.
300 _a378 páginas ;
_c23 cm.
336 _btxt
_2rdacontent
337 _bn
_2rdamedia
338 _bnc
_2rdacarrier
490 0 _aTierra Firme
500 _aTraducido por Lilia Mosconi.
500 _aTítulo original: Cosmopolitan desires.
505 0 _aAgradecimientos -- Introducción -- Primera parte: La literatura mundial como relación global, o la producción material de mundos literarios -- Cap. 1: La globalización de la novela y la novelización de lo global -- Cap. 2: La vida material de los géneros: los itinerarios globales del realismo mágico -- Segunda parte: Cosmopolitismo marginal, modernismo y deseo de mundo -- Cap. 3: El surgimiento de los discursos literarios-mundiales en América Latina (1882-1925) -- Cap. 4: El universalismo francés de Darío y las cartografías mundiales del modernismo -- Cap. 5: En viaje a Oriente: Gómez Carrillo y la cuestión judía -- Referencias bibliográficas -- Índice de nombres.
520 3 _aEn 1953, Jorge Luis Borges publica un ensayo programático y polémico, «El escritor argentino y la tradición», desde el cual llama a los escritores argentinos a producir una literatura cosmopolita y a hacer caso omiso de determinaciones y asfixias nacionales. Borges, como otros cosmopolitas marginales, construye la ficción de un campo discursivo horizontal y universal sobre el que pueda proyectar su subjetividad estética en igualdad de condiciones con las de las literaturas hegemónicas. Deseos cosmopolitas lee la modernidad literaria latinoamericana como una relación global, un conjunto de procedimientos estéticos que funcionan como mediaciones de una red transcultural ampliada de intercambios culturales. Rastrea discursos que producen mundos dislocados y configuraciones espaciales contingentes en el contexto de marcos de legibilidad comparativos y descentrados: la globalización de la novela como forma narrativa durante la segunda mitad del siglo XIX; los desplazamientos globales del realismo mágico; la postulación de un mundo modernista constituido como reservorio de discursos universalistas y como entramado global de itinerarios reales e imaginarios; la construcción, sofisticada y estratégica, de la universalidad del significante francés en Darío, y la crisis del discurso orientalista que provoca la irrupción de la «cuestión judía» en las crónicas de viaje de Gómez Carrillo. (Descripción del editor).
520 3 _aMariano Siskind lleva a cabo una notable y original reformulación teórica de la literatura mundial y del sujeto del discurso cosmopolita y sostiene que si bien este “fracasa en la realización de sus objetivos universales, maximalistas e inalcanzables, abre nuevos horizontes imaginarios sobre los que se pueden articular novedosas formas de agencia cultural y política, y que, al resituar distintas variantes del particularismo cultural en redes transculturales de significación más vastas, produce configuraciones y prácticas estéticas inéditas”. (Descripción del editor).
650 4 _aLITERATURA AMERICANA
_92272
655 _aCríticas literarias
700 1 _aMosconi, Lilia,
_d1963-
_etrl
_97160
942 _cLIBRO
_kAGN978-987-719-117-2
_n0
999 _c53683
_d53683